000 00540nam a2200205 i 4500
001 bg
100 1 _aMuszyński, Heliodor
_d(1931- ).
245 1 0 _aIdeał i cele wychowania /
_cHeliodor Muszyński.
250 _aWyd. 2.
260 _aWarszawa :
_bWydawnictwa Szkolne i Pedagogiczne,
_c1974.
300 _a303, [1] s. ;
_c21 cm.
504 _aBibliogr., Indeks.
650 4 _aWychowanie
_xteoria
040 _cBPK
041 0 _apol
044 _aPOL
080 _a37.01
942 _cKS
008 110223s1974 pl |000 0 pol
999 _c49712
_d49712
856 _uhttp://koha.tu.koszalin.pl/cgi-bin/koha/opac-detail.pl?biblionumber=49712
_yKatalog online BPK